000 00321 a2200157 4500
001 178798
020 _a
040 _cMagnum
100 _aRocha, Antonio
240 1 0 _aFura-nuvens
_lpor
245 1 0 _aFura-nuvens
362 0 _a1899
440 1 _aItatiaia
697 _aMAGNITO: IJ/AVENTURA, CRIANCAS
942 _cBK
999 _c178798
_d178798